Music Quiz

Random Music or Album Quiz

Goth Bands By Album Quiz Stats

 Plays Quiz not verified by Sporcle

Challenge
Share
Tweet
Embed
Score 0/16 Timer 06:00
0 Plays Today
Album Band % Correct
FloodlandThe Sisters of Mercy
86.9%
In the Flat FieldsBauhaus
84.6%
FaithThe Cure
78.8%
KaleidoscopeSiouxsie and the Banshees
71.2%
CloserJoy Division
67.3%
DawnrazorFields of the Nephilim
53.6%
God's Own MedicineThe Mission/The Mission UK
46.7%
Who's Been Sleeping in my Brain?Alien Sex Fiend
42.5%
Album Band % Correct
Twist of ShadowsClan of Xymox
27.1%
Talk About the WeatherRed Lorry Yellow Lorry
25.8%
Sleep in Safety.45 Grave
25.2%
TocsinXmal Deutschland
18.3%
Mystery of the WhisperThe Cruxshadows
16.7%
Electric ShadesThe March Violets
15.7%
Heaven is WaitingThe Danse Society
13.4%
RiseNosferatu
8.2%

You're not logged in!

Compare scores with friends on all Sporcle quizzes.
Join for Free
OR
Log In

You Might Also Like...

Show Comments

Extras

Top Quizzes Today


Score Distribution

Your Account Isn't Verified!

In order to create a playlist on Sporcle, you need to verify the email address you used during registration. Go to your Sporcle Settings to finish the process.

Report this User

Report this user for behavior that violates our Community Guidelines.

Details: